000 00322nam a2200157Ia 4500
008 100204s9999 xx 000 0 und d
082 _b29119
100 _aCOBEN HARLAN
245 _aHOLD TIGHT
250 _a0
260 _c2008
300 _a433
630 _aHOLD TIGHT
730 _aHOLD TIGHT
942 _cBOOK
999 _c474356
_d474353